01811nam a2200397Ia 4500001001200000003000800012006001900020007001500039008004100054010001700095020001800112020001500130040002100145035002100166050002200187082001700209245025100226260003800477300005700515490007000572504005300642533015200695546006800847650003100915651005000946651005600996651004301052655002901095700001901124700002701143700002201170710001701192830005901209856012601268999001901394ebr10455142CaPaEBRm u cr cn|||||||||100128s2010 ne abe sb 101 0 eng d z 2010002882 z9789004183353 z9004183353 aCaPaEBRcCaPaEBR a(OCoLC)71486644514aDT93b.T73 2010eb04a932/.02222200aTradition and transformationh[electronic resource] :bEgypt under Roman rule : proceedings of the international conference, Hildesheim, Roemer- and Pelizaeus-Museum, 3-6 July 2008 /cedited by Katja Lembke, Martina Minas-Nerpel, Stefan Pfeiffer. aLeiden ;aBoston :bBrill,c2010. axii, 508 p., 14 p. :bill. (some col.), maps, plans.1 aCulture and history of the ancient Near East,x1566-2055 ;vv. 41 aIncludes bibliographical references and indexes. aElectronic reproduction.bPalo Alto, Calif. :cebrary,d2013.nAvailable via World Wide Web.nAccess may be limited to ebrary affiliated libraries. aArticles in English and German; one each in French and Italian. 0aRomanszEgyptvCongresses. 0aEgyptxHistoryy30 B.C.-640 A.D.vCongresses. 0aEgyptxCivilizationy332 B.C.-638 A.D.vCongresses. 0aEgyptxAntiquities, RomanvCongresses. 7aElectronic books.2local1 aLembke, Katja.1 aMinas-Nerpel, Martina.1 aPfeiffer, Stefan.2 aebrary, Inc. 0aCulture and history of the ancient Near East ;vv. 41.40uhttp://site.ebrary.com/lib/rucke/Doc?id=10455142zAn electronic book accessible through the World Wide Web; click to view c226696d226696